000 nam a22 7a 4500
999 _c7944
_d7944
008 171116b xxu||||| |||| 00| 0 eng d
100 _aMatto.J.J.
_94034
245 _aMathematics-8
260 _aNew Delhi